000
00302nam a2200121Ia 4500
008
240624s9999 xx 000 0 und d
041
_a
eng
082
_a
006.7 MEZ
100
_a
MEZRICH BEN
245
_a
ACCIDENTAL BILLIONAIRES THE FOUNDING OF
260
_c
2009
_a
New York
_b
Anchor Books
365
_c
RS
999
_c
15890
_d
15890